00491nam a2200193Ia 4500003000400000005001700004008004100021020001400062040000700076041000800083082002300091100003900114245003700153260003300190300001600223365001400239650002200253650002200275OSt20230428121143.0210423s2005 xx 000 0 und d a121835529 cAL aeng a320.014 223bCOMG aCOMSTOCK (George);SCHARRER (Erica) aPsychology of media and politics aLondonbAcademic Pressc2005 axii,316bHB b4481cINR aPolitical Science aPolitical Science